000 00543nam a2200193Ia 4500
003 GCL
008 140319s9999 xx 000 0 ara d
040 _aGCL /
_cGCL
082 0 4 _aط
_b813.087
_bد و
100 1 _aدار الشروق
245 1 0 _aبطوط فى وادى البراكين /
_cدار الشروق
260 _a[S.N] :
_bدار الشروق ،
_c1992
300 _a214 ص
490 _aديزنى للجيب
_v0
650 0 4 _aالاطفال
650 0 4 _aالقصص
650 0 4 _aقصص الاطفال
942 _2ddc
_cBK
999 _c57723
_d57723